000 00298nam a22001337a 4500
020 _a81-304-0149-5
082 _a823
_bDUA/B
100 _aDUA, SHYAM
245 _aBEST OF INSPIRING TALES
260 _aUP
_bTINY TOT PUBLICATIONS
300 _a144
650 _aENGLISH SHORT STORY
_zUP
942 _cBK
999 _c3055
_d3055